| 000 | 00967nam0a22002531 4500 | ||
|---|---|---|---|
| 001 | rc\2578345 | ||
| 005 | 20230417131547.0 | ||
| 035 | _a(NLR Aleph) 006742909 | ||
| 090 |
_a5663476 _c5663476 |
||
| 100 | _a20110914d1928 |||y0rusy50 ca | ||
| 101 | 0 | _arus | |
| 102 | _aRU | ||
| 105 | _aaeg z ||||| | ||
| 200 | 1 |
_aОбучение грамоте без букваря _eМетодическое пособие для учителей, работающих на комплексной системе |
|
| 205 | _a2-е изд... | ||
| 210 |
_aМосква _cРаботник просвещения _d1928 _gтипо-лит. им. т. Воровского |
||
| 215 |
_a206, [1] с., [1] с. объявл., [1] вклад. л. табл. _cчерт., диагр., план., нот. _d23x15 см. |
||
| 700 | 1 |
_aСтепанов _bВ. А. |
|
| 801 | 0 |
_aRU _bNLR _gpsbo |
|
| 801 | 1 |
_aRU _bELAR _2rusmarc |
|
| 852 |
_aNLR _j43/779 |
||
| 942 | _cBOOK | ||
| 980 | _aNB | ||